| 000 | 01782nam a22003975a 4500 | ||
|---|---|---|---|
| 003 | EG-ScBUE | ||
| 005 | 20211122141004.0 | ||
| 008 | 170618s2017 ua a f 000 edara d | ||
| 017 | _a2017 / 3492 | ||
| 020 | _a9789772013371 | ||
| 040 |
_aEG-ScBUE _bara _erda _cEG-ScBUE _dEG-ScBUE |
||
| 043 | _af-ua--- | ||
| 082 | 0 | 4 |
_a892.7460962 _bب هـ ا _222 |
| 100 | 1 |
_aبهاء الدين، أحمد، _d1927-1996، _eمؤلف. _914982 |
|
| 245 | 1 | 0 |
_aمقالات لها تاريخ / _cأحمد بهاء الدين ؛ تقديم د. زياد بهاء الدين ؛ دراسة وإعداد رشاد كامل. |
| 246 | 3 | 3 |
_aأحمد بهاء الدين .. وروز اليوسف : _bمقالات لها تاريخ |
| 264 | 1 |
_aالقاهرة : _bمؤسسة روز اليوسف الصحفية، _c[2017] |
|
| 300 |
_a409 صفحة : _bإيضاحيات ؛ _c24 سم. |
||
| 336 |
_2rdacontent _aنص _btxt |
||
| 337 |
_2rdamedia _aبدون وسيط _bn |
||
| 338 |
_2rdacarrier _aمجلد _bnc |
||
| 490 | 0 | _aالكتاب الذهبي | |
| 541 | _aإهداء من ا. محمد فريد خميس. | ||
| 590 | _aWessam | ||
| 600 | 1 | 7 |
_aبهاء الدين، أحمد. _2BUEsh |
| 650 | 7 |
_aالمقالات العربية _zمصر _yقرن 21. _2BUEsh _9152 |
|
| 650 | 7 |
_aالسياسة _zمصر _vمقالات ومحاضرات. _2BUEsh |
|
| 650 | 7 |
_aالاقتصاد _zمصر _vمقالات ومحاضرات. _2BUEsh _941055 |
|
| 650 | 7 |
_aالفن _zمصر _vمقالات ومحاضرات. _2BUEsh |
|
| 651 | 7 |
_aمصر _xأحوال اجتماعية _vمقالات ومحاضرات. _2BUEsh |
|
| 653 |
_bGGEN _cJune2017 |
||
| 655 |
_vReading book _934232 |
||
| 700 | 1 |
_aبهاء الدين، زياد أحمد، _eمقدم. _941807 |
|
| 700 | 1 |
_aكامل، رشاد، _eمعد. _941808 |
|
| 942 | _2ddc | ||
| 999 |
_c24918 _d24890 |
||